000
00316nam a22001337a 4500
008
260210b ||||| |||| 00| 0 eng d
020
_a
9788858341254
041
_a
eng
080
_a
0025
100
_a
20
101
_a
ital
245
_a
Il celi Impatto
_c
Daniela Alessandroni , Roberta Rondoni
942
_2
lcc
_c
BK
999
_c
60763
_d
60763